[Event "HCL-E1566"]
[Site "www.playchess.de"]
[Date "2006.02.28"]
[Round "1"]
[White "alldrix"]
[Black "thg007"]
[WhiteElo "1624"]
[BlackElo "1381"]
[PlyCount "65"]
[Result "1-0"]

1.e4 {hi!!! good luck! how 's malasia?}  Nc6 
{Thanks, same to you. Greetings from Malaysia. 
Malaysians are having holidays now, celebrating 
the Chinese Calendar New Year.}  2.Nc3 e5 3.Bc4 
Nf6 4.Nf3 h6 5.O-O Bc5 6.d3 d6 7.Be3 Bxe3 8.fxe3 
Ng4 9.Qe1 a6 10.Qg3 O-O 11.Nh4 Ne7 12.h3 b5 13.Bb3 
Nxe3 14.Qxe3 b4 15.Nd5 Nxd5 16.Bxd5 Qxh4 17.Bxa8 
Bxh3 18.Qxh3 Qxh3 19.gxh3 Rxa8 20.a3 c5 21.axb4 
cxb4 22.c3 bxc3 23.bxc3 f6 24.Ra3 a5 25.Rfa1 Kf7 
26.R3xa5 Rxa5 27.Rxa5 g5 28.d4 Ke6 {I know I 
should have just resign, the game is really beyond 
me. But I would like to hang out alittle bit 
longer and get some end game lesson from you ... 
:-)}  29.d5+ {good afternoon in malasia! 
:)
all right}  Kd7 {It should be Malaysia, and it's 
actually morning over here, we're on the opposite 
side of the globe - guess it's midnight in Brazil 
now?

Which part of Brazil are you from? Rio?}  30.Ra7+ 
{i always forget how to write Malaysia in english, 
that's why i write Malásia in portuguese.  it's 
1:30 here. I live in Aracaju, northeast of Brazil 
in coast}  Kc8 31.Rf7 h5 32.Rxf6 g4 
33.Rxd6 1-0

[Event "HCL-A2523"]
[Site "www.playchess.de"]
[Date "2006.02.28"]
[Round "4"]
[White "schachsky"]
[Black "SMA"]
[WhiteElo "1141"]
[BlackElo "1005"]
[PlyCount "52"]
[Result "0-1"]

1.e4 {Schönes Spiel zugewünscht!}  c5 2.Nf3 d6 
3.Bc4 e6 4.O-O Nf6 5.d3 Be7 6.Nc3 O-O 7.Be3 d5 
8.exd5 exd5 9.Bb5 {Alles Gutes für das neuen 
Jahr!}  d4 {Ebensio alles Gute fürs neue Jahr...}  
10.Bxd4 cxd4 11.Ne2 a6 12.Bc4 Nc6 13.c3 dxc3 
14.bxc3 b5 15.Bb3 Bg4 16.Nd2 Qxd3 17.Nf4 Qd7 18.f3 
Bf5 19.Kh1 Qd6 20.Ne2 Rad8 21.Nd4 Nxd4 22.cxd4 
Qxd4 23.Rc1 Qxd2 24.Qxd2 Rxd2 25.g4 Nxg4 26.fxg4 
{(offering draw) -:) sieht aus das Ich verliere 
...}  Be4+ 0-1

[Event "HCL-A2583"]
[Site "www.playchess.de"]
[Date "2006.02.28"]
[Round "9"]
[White "MBartl"]
[Black "lunchpail"]
[WhiteElo "1516"]
[BlackElo "1391"]
[PlyCount "101"]
[Result "1-0"]

1.e4 e5 2.Nf3 d6 3.d4 Nf6 4.dxe5 Nxe4 5.exd6 Bxd6 
6.Bd3 Nc5 7.O-O O-O 8.Nc3 Bg4 9.h3 Bxf3 10.Qxf3 
Nc6 11.Ne4 Nxe4 12.Bxe4 Nd4 13.Qh5 g6 14.Qd1 Re8 
15.Re1 Qf6 16.c3 Ne6 17.Bxb7 Rab8 18.Bc6 Bc5 
19.Be3 Red8 20.Qf3 Qxf3 21.Bxf3 Bxe3 22.Rxe3 Rd2 
23.b3 Rbd8 24.Re2 Rxe2 25.Bxe2 Rd2 26.Bc4 Ng5 
27.Re1 Kf8 28.a4 f6 29.h4 Nf7 {(offering draw)}  
30.Re6 f5 31.Rc6 Nh6 32.f3 Rd7 33.Ra6 c5 34.Rc6 
Nf7 35.Bxf7 Kxf7 36.Rxc5 Ke6 37.Kf2 Kd6 38.b4 a6 
39.c4 Rb7 40.Rd5+ Ke6 41.b5 axb5 42.axb5 h6 43.Ke3 
g5 44.hxg5 hxg5 45.Kd4 Ra7 46.Re5+ Kf6 47.b6 Rb7 
48.c5 Rd7+ 49.Rd5 Rb7 50.Kc4 f4 
51.Kb5 1-0

[Event "HCL-E1541"]
[Site "www.playchess.de"]
[Date "2006.02.28"]
[Round "16"]
[White "Vinci"]
[Black "player_reh"]
[WhiteElo "1588"]
[BlackElo "1442"]
[PlyCount "90"]
[Result "0-1"]

1.e4 {hi from zürich and enjoy the 
game
}  e5 {grüzi from berlin, u2}  2.Nf3 d6 3.d4 exd4 
4.Qxd4 Nc6 5.Bb5 Bd7 6.Qc3 Qe7 7.O-O O-O-O 8.Na3 
f6 9.Be3 Kb8 10.Rfe1 Ne5 11.Nxe5 dxe5 12.Bxa7+ 
Kxa7 13.Qa5+ Kb8 14.Bxd7 Rxd7 15.Nb5 Qc5 16.Rad1 
Bd6 17.b4 Qb6 18.Qa4 Rd8 19.c4 Qa6 20.Qb3 Ne7 
21.c5 Qxb5 22.a4 Qc6 23.cxd6 Rxd6 24.Rxd6 cxd6 
25.b5 Qd7 26.Rd1 Nc8 27.Rc1 Na7 28.b6 Nc6 29.Qb5 
Rc8 30.h3 Qd8 31.a5 Nd4 32.Rxc8+ Qxc8 33.Qd5 Qd8 
34.f4 Ne2+ 35.Kh2 Nxf4 36.Qf7 g5 37.Qxh7 Ne6 
38.Qf7 Nc5 39.Qd5 Kc8 40.Kg3 Kd7 41.Qf7+ Qe7 
42.Qg8 Nxe4+ 43.Kh2 Nc5 44.Qb8 Qd8 45.Qa7 
Kc6 0-1

[Event "HCL-C4130"]
[Site "www.playchess.de"]
[Date "2006.02.28"]
[Round "6"]
[White "epenz"]
[Black "Grunert"]
[WhiteElo "949"]
[BlackElo "1023"]
[PlyCount "85"]
[Result "1-0"]

1.e4 e5 2.Nf3 d6 3.Nc3 Nf6 4.d3 Nc6 5.Be2 g6 6.Be3 
Bg7 7.Qd2 O-O 8.O-O Be6 9.Bh6 Bxh6 10.Qxh6 Ng4 
11.Qd2 Qd7 12.h3 Nf6 13.a3 Nd4 14.Nxd4 exd4 15.Nd1 
a6 16.c3 dxc3 17.bxc3 b5 18.Ne3 Rac8 19.Rfc1 c5 
20.g4 Qc6 21.f4 Rfe8 22.f5 gxf5 23.gxf5 Bd7 24.Kf2 
Kf8 25.Rcg1 Ke7 26.Ng4 Nxg4+ 27.hxg4 c4 28.Rgh1 
Reh8 29.Qe3 Rcg8 30.Kg3 Rg7 31.Qd4 h5 32.Qxg7 h4+ 
33.Rxh4 Rxh4 34.Kxh4 cxd3 35.Bxd3 a5 36.g5 b4 
37.axb4 axb4 38.cxb4 Bxf5 39.exf5 Qf3 40.Qf6+ Kf8 
41.Qxd6+ Kg7 42.f6+ Kg8 43.Qd8+ 1-0

[Event "HCL-E1541"]
[Site "www.playchess.de"]
[Date "2006.02.28"]
[Round "4"]
[White "player_reh"]
[Black "hakam_kilani"]
[WhiteElo "1442"]
[BlackElo "1738"]
[PlyCount "131"]
[Result "1-0"]

1.c4 {greetings from berlin}  e5 2.e4 Nf6 3.d3 Bc5 
4.Nd2 Nc6 5.Nb3 Bb4+ 6.Bd2 Bxd2+ 7.Qxd2 d6 8.Be2 
O-O 9.Nf3 a5 10.a4 Be6 11.O-O h6 12.h3 Nd7 13.d4 
exd4 14.Nbxd4 Nxd4 15.Nxd4 Nc5 16.f3 Qf6 17.b3 Qg6 
18.Kh2 f5 19.exf5 Bxf5 20.Rad1 Rae8 21.Rfe1 Re7 
22.Qc3 Rfe8 23.Bf1 R7xe1 24.Rxe1 Rxe1 25.Qxe1 b6 
26.Nc6 Qe6 27.Qxe6+ Bxe6 28.Nd4 Kf7 29.Be2 Kf6 
30.Bd1 Ke5 31.Nxe6 Nxe6 32.Kg3 Nf4 33.h4 h5 34.Kf2 
c6 35.g3 Nd3+ 36.Ke3 Nc1 37.Kd2 Na2 38.f4+ Ke4 
39.Bxh5 d5 40.cxd5 cxd5 41.Ke2 Nc1+ 42.Kf2 Nxb3 
43.Bg6+ Kd4 44.h5 Nc5 45.f5 Ke5 46.Kf3 Nxa4 47.g4 
Nc3 48.g5 Ne4 49.Kg4 a4 50.f6 gxf6 51.Bxe4 dxe4 
52.h6 f5+ 53.Kh5 e3 54.h7 e2 55.h8Q+ Kf4 56.Qd4+ 
Kf3 57.Qd5+ Ke3 58.Qe5+ Kd2 59.Qd4+ Kc1 60.Qe3+ 
Kd1 61.Qd3+ Ke1 62.g6 Kf2 63.Qxf5+ Ke3 64.Qe6+ Kd2 
65.g7 a3 {(offering draw)}  66.g8Q 1-0

[Event "HCL-A2611"]
[Site "www.playchess.de"]
[Date "2006.02.28"]
[Round "13"]
[White "GED"]
[Black "quant"]
[WhiteElo "1440"]
[BlackElo "1531"]
[PlyCount "32"]
[Result "1/2-1/2"]

1.e4 {hello from liverpool, and good luck}  e5 
2.Nf3 Nc6 {hi from &#304;stanbul
}  3.Bc4 Bc5 4.c3 d6 5.d4 exd4 6.cxd4 Bb4+ 7.Bd2 
Bxd2+ 8.Nbxd2 Nf6 9.a3 O-O 10.b4 Re8 11.Qc2 Bg4 
12.O-O Bxf3 13.Nxf3 Nxe4 14.Bd5 Nf6 15.Bxc6 bxc6 
16.Qxc6 h6 {(offering draw)}  1/2-1/2

[Event "HCL-E1581"]
[Site "www.playchess.de"]
[Date "2006.02.28"]
[Round "3"]
[White "pawnstorm"]
[Black "Duffy"]
[WhiteElo "1523"]
[BlackElo "1610"]
[PlyCount "51"]
[Result "1-0"]

1.f4 c5 2.Nf3 d6 3.b3 Nf6 4.Bb2 e6 5.g3 Be7 6.Bg2 
Nc6 7.O-O Bd7 8.d3 O-O 9.e4 Qc7 10.e5 dxe5 11.Nxe5 
Nxe5 12.Bxe5 Qb6 13.Nd2 Bc6 14.Nc4 Qa6 15.Bxc6 
Qxc6 16.Ne3 Rfd8 17.Ng4 Nxg4 18.Qxg4 Bf8 19.Rae1 
a5 20.f5 exf5 21.Rxf5 a4 22.Ref1 Rd7 23.R5f6 Qc8 
24.R6f5 axb3 25.axb3 Ra2 26.R5xf7 1-0

[Event "HCL-A2604"]
[Site "www.playchess.de"]
[Date "2006.02.28"]
[Round "3"]
[White "badplayer"]
[Black "wbaldan"]
[WhiteElo "1572"]
[BlackElo "1690"]
[PlyCount "95"]
[Result "1-0"]

1.e4 {hullo from delhi}  e5 2.Nf3 Nc6 {Good 
evening from Brussels}  3.Bb5 a6 4.Ba4 b5 5.Bb3 
Na5 6.c3 Nxb3 7.Qxb3 d6 8.d4 exd4 9.cxd4 Nf6 
10.Nc3 Be7 11.O-O O-O 12.h3 c5 13.a4 c4 14.Qc2 b4 
15.Ne2 Qc7 16.Bf4 Nh5 17.Bh2 Bb7 18.d5 a5 19.Rfc1 
Rac8 20.Nfd4 g6 21.Nb5 Qc5 22.Ned4 Rfd8 23.Qe2 Bg5 
24.Rc2 Nf4 25.Qg4 Bf6 26.Nb3 Qb6 27.Qxf4 Be5 
28.Qf3 cxb3 29.Qxb3 Ba6 30.Bxe5 Bxb5 31.axb5 Rxc2 
32.Qxc2 dxe5 33.Qc6 Rb8 34.Qxb6 Rxb6 35.Rxa5 Kf8 
36.f3 Rb7 37.Kf2 Ke7 38.Ke3 Kd6 39.b3 h5 40.Kd3 
Kc5 41.g3 Kb6 42.Ra6+ Kxb5 43.Rc6 Ra7 44.Rc8 Rd7 
45.f4 exf4 46.gxf4 Rd6 47.Kd4 Ra6 
48.Rc5+ 1-0

[Event "HCL-C3986"]
[Site "www.playchess.de"]
[Date "2006.02.28"]
[Round "6"]
[White "malcolm123"]
[Black "hun"]
[WhiteElo "800"]
[BlackElo "1271"]
[PlyCount "74"]
[Result "0-1"]

1.e4 e5 2.Nf3 d5 3.Nc3 d4 4.Na4 Bd6 5.Bb5+ c6 
6.Bf1 b5 7.Nc3 dxc3 8.dxc3 Bg4 9.h3 Be6 10.Bg5 f6 
11.Bc1 Ne7 12.Bd3 Na6 13.O-O Nc5 14.b4 a5 15.bxc5 
Bxc5 16.c4 bxc4 17.Be2 Qc8 18.Bb2 Qb8 19.a4 
{(offering draw)}  Qxb2 20.Qb1 c3 21.Qxb2 cxb2 
22.Rab1 Rb8 23.Nh4 {(offering draw)}  O-O 24.Ba6 
Rfd8 25.c3 {(offering draw)}  Ba2 26.Rbe1 Rb6 
27.Be2 Rdb8 28.Nf5 Nxf5 29.exf5 b1Q 30.Rexb1 R6xb1 
31.Rxb1 Rxb1+ 32.Bf1 Bb3 33.g4 Bc4 34.h4 Rxf1+ 
35.Kg2 Rxf2+ 36.Kg3 Bb3 37.g5 {(offering draw)}  
Rf4 0-1

[Event "HCL-A2573"]
[Site "www.playchess.de"]
[Date "2006.02.28"]
[Round "13"]
[White "SMA"]
[Black "organic"]
[WhiteElo "1175"]
[BlackElo "1352"]
[PlyCount "24"]
[Result "0-1"]

1.e4 e5 2.Nc3 Bc5 3.Bc4 Nf6 4.Nf3 O-O 5.Nxe5 d6 
6.Nxf7 Rxf7 7.d4 Bb6 8.Bxf7+ Kxf7 9.Be3 Nc6 10.O-O 
Bg4 11.Qd3 Qe7 12.Nd5 Nxd5 0-1

[Event "HCL-C4164"]
[Site "www.playchess.de"]
[Date "2006.02.28"]
[Round "11"]
[White "Varaboca"]
[Black "Skipper_Robert"]
[WhiteElo "971"]
[BlackElo "972"]
[PlyCount "98"]
[Result "0-1"]

1.d4 {Salud and good luck}  d5 {Hello!!!!!}  2.c3 
Nf6 3.Nf3 Nc6 4.e3 e6 5.Bd3 Bd6 6.g3 Qe7 7.O-O e5 
8.Qa4 Bh3 9.Re1 O-O-O 10.Ng5 Bd7 11.e4 h6 12.Nf3 
Kb8 13.Kg2 Nxd4 14.Qd1 Nc6 15.Nbd2 Qe6 16.Kh1 Ng4 
17.Qe2 f6 18.Ng1 g5 19.Nf1 h5 20.h3 Nh6 21.Ne3 f5 
22.exf5 Qf7 23.Bc2 Nxf5 24.Ng2 Qg8 25.Ne3 Qf7 
26.Rf1 e4 27.Bb3 g4 28.h4 Bxg3 29.Bxd5 Qf6 30.Bxe4 
Bxh4 31.Nxf5 Bxf5 32.Bg2 g3 33.f4 Bg4 34.Qe3 Rhe8 
35.Be4 Qe6 36.Re1 Bh3 37.Re2 Reg8 38.Bd2 g2+ 
39.Kh2 Bg3+ 40.Qxg3 Rxg3 41.Kxg3 Rg8+ 42.Kf2 h4 
43.Bh7 Qg4 44.Nxh3 Qg3+ 45.Kg1 Qxh3 46.Rae1 Qh1+ 
47.Kf2 g1Q+ 48.Rxg1 Qxg1+ 49.Kf3 
Qg3+ 0-1

[Event "HCL-A2573"]
[Site "www.playchess.de"]
[Date "2006.02.28"]
[Round "16"]
[White "SMA"]
[Black "scotty4u"]
[WhiteElo "1175"]
[BlackElo "1332"]
[PlyCount "27"]
[Result "0-1"]

1.c4 e5 2.e4 Nf6 3.d3 Nc6 4.Nc3 Bb4 5.Nf3 d6 6.Be3 
O-O 7.Be2 Ne7 8.a3 Bxc3+ 9.bxc3 Ng4 10.h3 Nxe3 
11.fxe3 f5 12.O-O fxe4 13.dxe4 Be6 
14.Ng5 0-1

[Event "HCL-A2573"]
[Site "www.playchess.de"]
[Date "2006.02.28"]
[Round "15"]
[White "scotty4u"]
[Black "SMA"]
[WhiteElo "1332"]
[BlackElo "1175"]
[PlyCount "28"]
[Result "1-0"]

1.e4 e5 2.Bc4 Nc6 3.Nf3 Bc5 4.O-O Nf6 5.Nc3 Qe7 
6.Ne2 O-O 7.d4 exd4 8.Nfxd4 Nxd4 9.Nxd4 Nxe4 
10.Nf5 Qe5 11.Qg4 Bxf2+ 12.Rxf2 Nxf2 13.Kxf2 d5 
14.Bh6 Bxf5 1-0

[Event "HCL-A2573"]
[Site "www.playchess.de"]
[Date "2006.02.28"]
[Round "17"]
[White "SMA"]
[Black "Andy1"]
[WhiteElo "1175"]
[BlackElo "1488"]
[PlyCount "25"]
[Result "0-1"]

1.d4 Nf6 2.Nf3 g6 3.Bf4 Bg7 4.Nc3 O-O 5.Qd2 d5 
6.O-O-O c6 7.e3 b5 8.Bd3 a5 9.Ne5 b4 10.Na4 Nh5 
11.Qe2 Nxf4 12.exf4 f6 13.Ng4 0-1

[Event "HCL-A2573"]
[Site "www.playchess.de"]
[Date "2006.02.28"]
[Round "20"]
[White "SMA"]
[Black "M45"]
[WhiteElo "1175"]
[BlackElo "1426"]
[PlyCount "35"]
[Result "0-1"]

1.e4 c5 2.Bc4 g6 3.d3 Bg7 4.Nf3 Nc6 5.Bf4 Bxb2 
6.Nbd2 Bg7 7.Rb1 d6 8.O-O Nf6 9.c3 O-O 10.Bg5 h6 
11.Bxf6 Bxf6 12.Qc2 a6 13.Rbe1 Qa5 14.Rec1 b5 
15.Bd5 Bb7 16.Rfe1 Qc7 17.d4 e6 
18.Bxc6 0-1

[Event "HCL-A2573"]
[Site "www.playchess.de"]
[Date "2006.02.28"]
[Round "19"]
[White "M45"]
[Black "SMA"]
[WhiteElo "1426"]
[BlackElo "1175"]
[PlyCount "36"]
[Result "1-0"]

1.f4 {Have a good game!}  Nc6 {yeah... let's have 
fun}  2.Nf3 Nf6 3.e3 d5 4.b3 Bf5 5.Bb2 Qd6 6.Bb5 
Qc5 7.Bxc6+ Qxc6 8.Nd4 Qd7 9.O-O Bg4 10.Qe1 O-O-O 
11.d3 e6 12.Qa5 b6 13.Qxa7 c5 14.Qa8+ Kc7 15.Qa7+ 
Kc8 16.Qa8+ Kc7 17.Qa7+ Kc8 18.Qxb6 
Qb7 1-0

[Event "HCL-A2573"]
[Site "www.playchess.de"]
[Date "2006.02.28"]
[Round "14"]
[White "organic"]
[Black "SMA"]
[WhiteElo "1352"]
[BlackElo "1175"]
[PlyCount "20"]
[Result "1-0"]

1.e4 {Hello!}  e5 {hi. auf ein schönes spiel...}  
2.Nf3 Nc6 3.d4 exd4 4.Nxd4 Nxd4 5.Qxd4 Ne7 6.Bc4 
Nc6 7.Qd5 Qf6 8.O-O Nb4 9.Qb5 Nxc2 10.Bg5 
c6 1-0

[Event "HCL-C4130"]
[Site "www.playchess.de"]
[Date "2006.02.28"]
[Round "9"]
[White "newplayer"]
[Black "epenz"]
[WhiteElo "1088"]
[BlackElo "949"]
[PlyCount "117"]
[Result "1-0"]

1.e4 e5 2.d4 f6 3.dxe5 Qe7 4.exf6 Nxf6 5.f3 d6 
6.Bg5 Nc6 7.Bb5 Bd7 8.Bxc6 Bxc6 9.Nc3 a6 10.Qd3 
Qe5 11.Bxf6 Qxf6 12.g4 Be7 13.h4 O-O-O 14.O-O-O 
Qf4+ 15.Kb1 h6 16.Nge2 Qf7 17.Ng3 Rde8 18.Nf5 g6 
19.Nxe7+ Rxe7 20.h5 Ree8 21.b3 Red8 22.hxg6 Qxg6 
23.Rh5 Rhf8 24.Rdh1 Rfh8 25.Qd2 Qf6 26.Qe3 Rdf8 
27.Rf5 Qg7 28.Rxf8+ Qxf8 29.Nd5 Bxd5 30.exd5 Qf7 
31.c4 h5 32.Qe6+ Qxe6 33.dxe6 Kd8 34.Rxh5 Rf8 
35.Rh7 Rxf3 36.g5 Rg3 37.Rg7 b5 38.cxb5 axb5 
39.Kb2 c6 40.g6 d5 41.Rd7+ Ke8 42.g7 Rg6 43.Rf7 d4 
44.Kc2 c5 45.a4 bxa4 46.bxa4 Rg2+ 47.Kd3 Rg3+ 
48.Kd2 c4 49.Rf8+ Ke7 50.g8Q Rxg8 51.Rxg8 Kxe6 
52.a5 Kd6 53.Rb8 Ke5 54.a6 Ke4 55.a7 c3+ 56.Kc1 
Ke3 57.a8Q d3 58.Re8+ Kf2 59.Rf8+ 1-0

[Event "HCL-M874"]
[Site "www.playchess.de"]
[Date "2006.02.28"]
[Round "3"]
[White "takis"]
[Black "kikoursus"]
[WhiteElo "2204"]
[BlackElo "2120"]
[PlyCount "99"]
[Result "1/2-1/2"]

1.e4 e6 2.d4 d5 3.Nd2 dxe4 4.Nxe4 Nd7 5.c3 Ngf6 
6.Nxf6+ Nxf6 7.Nf3 Be7 8.Bd3 O-O 9.Qc2 b6 10.Bg5 
h6 11.Bxf6 Bxf6 12.Bh7+ Kh8 13.Be4 Rb8 14.O-O c5 
15.Rad1 Qc7 16.Qe2 Rd8 17.Ne5 Bb7 18.Ng4 Qf4 
19.Bxb7 Rxb7 20.dxc5 bxc5 21.g3 Qf5 22.Rxd8+ Bxd8 
23.Rd1 Be7 24.f3 Kg8 25.Ne5 a5 26.f4 a4 27.Qg2 Rb8 
28.Nc6 Rb7 29.Nxe7+ Rxe7 30.Qa8+ Kh7 31.Qxa4 Rb7 
32.b3 Qc2 33.Rf1 g6 34.c4 Qe4 35.h3 Qe3+ 36.Kg2 
Qe4+ 37.Rf3 h5 38.Qa8 h4 39.Qd8 Ra7 40.Qd2 Ra3 
41.gxh4 Qa8 42.Kg3 Rxa2 43.Qe3 Qd8 44.Qd3 Qf6 
45.h5 Kh6 46.Qc3 Qxc3 47.Rxc3 Kxh5 48.Re3 Rb2 
49.Re5+ f5 50.Rxe6 {(offering draw)} 
 1/2-1/2

[Event "HCL-C4016"]
[Site "www.playchess.de"]
[Date "2006.02.28"]
[Round "16"]
[White "foxcar"]
[Black "Idris"]
[WhiteElo "1202"]
[BlackElo "880"]
[PlyCount "87"]
[Result "1-0"]

1.d4 {hi again, have a good game}  d5 {Hello! All 
the best to you too.}  2.Bf4 Nc6 3.e3 e6 4.Bb5 Bd7 
5.Nf3 Bd6 6.Bxd6 cxd6 7.O-O Nge7 8.Qd3 a6 9.Ba4 b5 
10.Bb3 O-O 11.c3 f5 12.a4 bxa4 13.Bxa4 Rf6 14.Nh4 
Ng6 15.Nf3 e5 16.dxe5 dxe5 17.Qxd5+ Kh8 18.Nbd2 e4 
19.Ng5 Be8 20.Qxd8 Rxd8 21.Nb3 Nce5 22.Nc5 Bxa4 
23.Rxa4 Rc6 24.b4 Rcd6 25.Nb7 R8d7 26.Nxd6 Rxd6 
27.f4 Nc4 28.Nf7+ Kg8 29.Nxd6 Nxd6 30.Rxa6 Nc4 
31.Rd1 Ne7 32.Rd8+ Kf7 33.Ra7 Nb6 34.Rb8 Nbd5 
35.Rbb7 Kf6 36.Ra6+ Kf7 37.Raa7 Kf6 38.c4 Nc6 
39.Ra6 Nde7 40.Rxe7 Kxe7 41.Rxc6 Kd7 42.Ra6 Kc7 
43.Ra7+ Kb6 44.Rxg7 1-0

[Event "HCL-B3886"]
[Site "www.playchess.de"]
[Date "2006.02.28"]
[Round "5"]
[White "errantknight"]
[Black "kolmar"]
[WhiteElo "1178"]
[BlackElo "1056"]
[PlyCount "69"]
[Result "1-0"]

1.d4 e6 {hi}  2.e4 b6 3.e5 {hi}  f6 4.Nf3 fxe5 
5.dxe5 Ne7 6.Nc3 Bb7 7.Be3 h6 8.Be2 g5 9.Nd4 Nbc6 
10.Nxc6 Nxc6 11.Bh5+ Ke7 12.Qf3 Rh7 13.O-O d5 
14.Qf6+ Kd7 15.Ne2 Qxf6 16.exf6 Nb4 17.Rfc1 c5 
18.a3 Nc6 19.c3 Ne5 20.Rcd1 Kc7 21.f4 Nc4 22.Bf2 
Nxb2 23.Rd2 Nc4 24.Rc2 Nd6 25.Bg3 Kd7 26.Re1 Ne4 
27.Bg6 Rh8 28.fxg5 Nxg5 29.Be5 Kc6 30.f7 Be7 
31.Bxh8 Rxh8 32.Rf1 e5 33.Ng3 Bc8 34.Rcf2 Be6 
35.f8Q 1-0

[Event "HCL-T256"]
[Site "www.playchess.de"]
[Date "2006.02.28"]
[Round "5"]
[White "Grabanzito"]
[Black "manifold"]
[WhiteElo "1807"]
[BlackElo "1589"]
[PlyCount "47"]
[Result "1-0"]

1.e4 e5 2.f4 exf4 3.Nf3 {Hello again}  d5 {I´m 
pleased to meet you again}  4.exd5 Qxd5 5.Nc3 Qa5 
6.d4 Bd6 7.Bc4 Ne7 8.O-O O-O 9.Ne4 Be6 10.Bxe6 
fxe6 11.c4 Qf5 12.Re1 Nec6 13.Neg5 Nd8 14.Qb3 Nbc6 
15.c5 Be7 16.Nxe6 Na5 17.Nxg7+ Kxg7 18.Rxe7+ Kg6 
19.Nh4+ Kf6 20.Qf3 Qg5 21.Bxf4 Qxh4 22.Bg3+ Kxe7 
23.Bxh4+ Ke8 24.Re1+ 1-0

[Event "HCL-A2580"]
[Site "www.playchess.de"]
[Date "2006.02.28"]
[Round "4"]
[White "adamcik"]
[Black "Walter_Vieira"]
[WhiteElo "1498"]
[BlackElo "1548"]
[PlyCount "34"]
[Result "0-1"]

1.e4 c5 2.Nf3 d6 3.Nc3 g6 4.d3 Bg7 5.g3 Nc6 6.Bg2 
Bg4 7.Be3 Nd4 8.O-O Qd7 9.Bxd4 Bxd4 10.Qd2 Bg7 
11.Rab1 Bh3 12.Bxh3 Qxh3 13.Ng5 Qd7 14.f4 e6 
15.Nf3 Ne7 16.f5 gxf5 17.Qg5 Rg8 0-1

[Event "HCL-A2434"]
[Site "www.playchess.de"]
[Date "2006.02.28"]
[Round "13"]
[White "Matu"]
[Black "kali"]
[WhiteElo "1504"]
[BlackElo "1468"]
[PlyCount "117"]
[Result "1-0"]

1.Nf3 Nf6 2.b3 g6 3.Bb2 Bg7 4.g3 O-O 5.Bg2 c5 
6.O-O Nc6 7.e3 d5 8.d4 cxd4 9.Nxd4 Bg4 10.Qd2 a6 
11.Nxc6 bxc6 12.Na3 Qd6 13.c4 Rad8 14.h3 Bc8 
15.Rad1 Bb7 16.Nc2 e6 17.Qb4 Qxb4 18.Nxb4 a5 
19.Nd3 Ba6 20.Nc5 Rda8 21.Bc3 Bc8 22.Rd2 Nd7 
23.Nxd7 Bxd7 24.Bxg7 Kxg7 25.Rfd1 Rad8 26.cxd5 
cxd5 27.e4 Bc6 28.exd5 exd5 29.Bxd5 Bxd5 30.R2xd5 
Rxd5 31.Rxd5 Ra8 32.f4 Ra7 33.Kf2 Kf6 34.Ke3 Ke6 
35.Rb5 h5 36.g4 hxg4 37.hxg4 Kd6 38.a4 Ke6 39.Ke4 
f5+ 40.gxf5+ gxf5+ 41.Rxf5 Rb7 42.Rb5 Ra7 43.f5+ 
Kf6 44.Rb6+ Kf7 45.f6 Kf8 46.Ke5 Kf7 47.Kf5 Rc7 
48.Rb5 Ra7 49.Rb6 Rc7 50.b4 axb4 51.Ke5 Rc5+ 
52.Kd6 Ra5 53.Rxb4 Kxf6 54.Kc6 Ke6 55.Kb6 Rd5 
56.a5 Kd6 57.a6 Rd1 58.Kb7 Ra1 
59.a7 1-0

[Event "HCL-A2494"]
[Site "www.playchess.de"]
[Date "2006.02.28"]
[Round "8"]
[White "Snillie"]
[Black "kali"]
[WhiteElo "1513"]
[BlackElo "1456"]
[PlyCount "87"]
[Result "1-0"]

1.c4 Nf6 2.g3 e6 3.Bg2 c5 4.Nc3 Nc6 5.a3 a6 6.e4 
d6 7.Nge2 Rb8 8.Rb1 b6 9.d3 Bb7 10.h3 Be7 11.Be3 
O-O 12.O-O Qc7 13.f4 Rbd8 14.g4 h6 15.Ng3 Nd4 
16.Nce2 Nxe2+ 17.Qxe2 Nh7 18.f5 exf5 19.gxf5 Nf6 
20.Kh1 Rde8 21.Rfg1 Bd8 22.Nh5 Nxh5 23.Qxh5 Qe7 
24.Bf3 Qh4 25.Qxh4 Bxh4 26.Bxh6 g6 27.fxg6 fxg6 
28.Bxf8 Rxf8 29.Rbf1 Bc8 30.Bg4 Bxg4 31.Rxf8+ Kxf8 
32.Rxg4 g5 33.Kg2 Kf7 34.Kf3 Kf6 35.b3 Ke5 36.Ke3 
Kf6 37.Rg1 Ke6 38.Rf1 Bg3 39.Rf8 Ke7 40.Rb8 b5 
41.cxb5 axb5 42.Rxb5 Bf4+ 43.Kf3 Ke6 
44.a4 1-0

[Event "HCL-A2627"]
[Site "www.playchess.de"]
[Date "2006.02.28"]
[Round "9"]
[White "PhilipKaveny"]
[Black "Snillie"]
[WhiteElo "1324"]
[BlackElo "1462"]
[PlyCount "29"]
[Result "1-0"]

1.e4 d6 2.d4 Nf6 3.Nc3 g6 4.Be3 c6 5.h3 b5 6.b4 
Nbd7 7.Bd3 Nb6 8.Nf3 Bg7 9.O-O h6 10.d5 cxd5 
11.Bxb5+ Bd7 12.Bxd7+ Qxd7 13.e5 Ne4 14.Nxd5 Nxd5 
15.Qxd5 1-0

[Event "HCL-T256"]
[Site "www.playchess.de"]
[Date "2006.02.28"]
[Round "8"]
[White "manifold"]
[Black "luciano59"]
[WhiteElo "1589"]
[BlackElo "2261"]
[PlyCount "52"]
[Result "0-1"]

1.e4 e5 2.f4 exf4 3.Nf3 {Hi!}  d5 4.Qe2 Be7 5.Nc3 
Nf6 6.d4 O-O 7.e5 Bb4 8.a3 Bxc3+ 9.bxc3 Ne4 10.c4 
c6 11.Bxf4 f6 12.cxd5 cxd5 13.c4 fxe5 14.Be3 exd4 
15.Bxd4 Qa5+ 16.Kd1 Nc6 17.Bb2 Bf5 18.Kc1 Rae8 
19.g4 Bg6 20.Qe1 Rxf3 21.Bg2 Qc7 22.Bxf3 Qf4+ 
23.Kd1 Qxf3+ 24.Kc1 Qf4+ 25.Kd1 Nf2+ 26.Qxf2 
Qxf2 0-1

[Event "HCL-E1551"]
[Site "www.playchess.de"]
[Date "2006.02.28"]
[Round "3"]
[White "Eishockeytorwart"]
[Black "aadje"]
[WhiteElo "1949"]
[BlackElo "1850"]
[PlyCount "53"]
[Result "1/2-1/2"]

1.e4 {welcome from germany}  c5 {And another good 
game, greetings from Delft}  2.Nf3 Nc6 3.d4 cxd4 
4.Nxd4 e6 5.Nc3 Nf6 6.Ndb5 d6 7.Bf4 e5 8.Bg5 a6 
9.Bxf6 gxf6 10.Na3 b5 11.Nd5 f5 12.c4 b4 13.Qa4 
Bb7 14.Nc2 fxe4 15.Ncxb4 Rc8 16.Nxc6 Bxc6 17.Qxa6 
e3 18.Nxe3 d5 19.cxd5 Bb4+ 20.Ke2 Bd7 {(offering 
draw)}  21.Kf3 Ra8 22.Qc4 Qf6+ 23.Ke2 Rb8 24.Qe4 
Bc5 {(offering draw)}  25.Rb1 Rb4 {(offering 
draw)}  26.Qc2 {draw is a joke}  Qa6+ {isn't and 
what makes it more sence to continue? We both 
promoting to m class so we better finish this 
match.My idea at least.}  27.Kd1 {(offering draw)} 
 1/2-1/2

[Event "HCL-B3915"]
[Site "www.playchess.de"]
[Date "2006.02.28"]
[Round "8"]
[White "nichju"]
[Black "RUDI"]
[WhiteElo "1060"]
[BlackElo "1271"]
[PlyCount "52"]
[Result "0-1"]

1.e4 {Hi Rudi, hoffentlich gelingt es mir diesmal, 
Dich zu bezwingen ;-)}  e5 {da werd ich doch all 
meine Geistesgaben dagegen einsetzen - auf ein 
spannendes Spiel!}  2.Nf3 Nc6 3.d4 exd4 4.Nxd4 
Nxd4 5.Qxd4 d6 6.Nc3 Nf6 7.e5 Ng4 8.exd6 Qxd6 
9.Qxd6 Bxd6 10.Nd5 O-O 11.Be2 Re8 12.h3 Ne5 13.O-O 
Bf5 14.c3 c6 15.Nb4 Rad8 16.Bg5 f6 17.Bf4 a5 
18.Bxe5 Rxe5 19.Bc4+ Kf8 20.Nd3 Re7 21.g4 Bg6 
22.f4 Bxd3 23.Bxd3 Bc5+ 24.Kh1 Rxd3 25.h4 Re2 
26.Rfd1 Rh3+ 0-1

[Event "HCL-C4083"]
[Site "www.playchess.de"]
[Date "2006.02.28"]
[Round "15"]
[White "Thrustnicely"]
[Black "O_Man"]
[WhiteElo "954"]
[BlackElo "1100"]
[PlyCount "126"]
[Result "1/2-1/2"]

1.d4 e5 2.Nf3 e4 3.Ne5 d6 4.Nc4 d5 5.Ne3 Nf6 6.c4 
dxc4 7.Qa4+ c6 8.Qxc4 Be6 9.Qa4 b5 10.Qc2 Qxd4 
11.a3 Nbd7 12.Qxc6 Rb8 13.Nc3 b4 14.Nb5 Qe5 
15.Nc7+ Ke7 16.f4 Qd6 17.Qxd6+ Kd8 18.Nxe6+ fxe6 
19.Qxe6 Bc5 20.Nd5 Re8 21.Qc6 Rc8 22.Qxc8+ {Let's 
see what your end game's like !!}  Kxc8 
{poor...unfortunately}  23.Nxb4 Kc7 24.Bd2 Ng4 
25.h4 Bf2+ 26.Kd1 Bc5 27.Be1 Kb7 28.g3 Ndf6 29.Ra2 
Rd8+ 30.Kc2 a5 31.h5 Ne3+ 32.Kb3 Rd1 33.Bc3 Nxf1 
34.Nc2 Nd2+ 35.Bxd2 Rxh1 36.Bxa5 Rxh5 37.Ka4 Rh2 
38.b4 Bb6 39.Rb2 Rxe2 40.Bxb6 Kxb6 41.b5 Nh5 
42.Kb3 Nxg3 43.a4 h5 44.Na3 Rxb2+ 45.Kxb2 h4 
46.Nc4+ Kc5 47.b6 Kc6 48.a5 h3 49.Ne5+ Kb7 50.Ng4 
Ne2 51.f5 Nd4 52.Kc3 Nxf5 53.Kd2 Ne7 54.Ke3 Nc6 
55.Kxe4 {(offering draw) :-)}  Nxa5 {I believe it 
will be, but let's see.  You have been very kind 
so far.}  56.Kf5 {nice is my middle name !!}  Kxb6 
{You play well, why are you in "C"}  57.Kg6 
{Thanks - I often play too many games}  Kc5 
58.Kxg7 Kd4 59.Kg6 Ke4 60.Kg5 Kf3 61.Kh4 Kg2 
62.Ne3+ Kh2 63.Nf1+ Kg2 {(offering draw) 
ok....nice game}  1/2-1/2

[Event "HCL-A2632"]
[Site "www.playchess.de"]
[Date "2006.02.28"]
[Round "10"]
[White "grannialex"]
[Black "victorabiodun03"]
[WhiteElo "1840"]
[BlackElo "1583"]
[PlyCount "41"]
[Result "1/2-1/2"]

1.d4 Nf6 2.c4 g6 3.Nc3 Bg7 4.e4 d6 5.Be2 O-O 6.Bg5 
Nc6 7.d5 Nb8 8.Qd2 Nbd7 9.h4 c6 10.Bh6 Nc5 11.f3 
Qa5 12.h5 Nb3 13.axb3 Qxa1+ 14.Nd1 Bd7 15.hxg6 
fxg6 16.Bxg7 Kxg7 17.dxc6 bxc6 18.g4 Rab8 19.Qh6+ 
Kg8 20.g5 Nh5 21.Rxh5 {(offering draw)} 
 1/2-1/2